| 000 | 00903cam a22002533a 4500 | ||
|---|---|---|---|
| 001 | 20211 | ||
| 003 | PGUSA | ||
| 005 | 20140828083428.0 | ||
| 008 | 061229s2006||||xxu|||||s|||||000 1 eng d | ||
| 040 |
_aPGUSA _beng |
||
| 042 | _adc | ||
| 050 | 4 | _aPT | |
| 100 | 1 |
_aLagerlöf, Selma, _d1858-1940 |
|
| 245 | 1 | 0 |
_aDie schönsten Geschichten der Lagerlöf _h[electronic resource] / _cSelma Lagerlöf |
| 260 |
_bProject Gutenberg, _c2006 |
||
| 505 | 0 | _aFrau Lagerlöf von Walter von Molo -- Der Luftballon -- Herrn Arnes Schatz -- Reors Geschichte -- Das Mädchen vom Moorhof -- Das Schweißtuch der heiligen -- Veronika -- Die Legende vom Vogelnest | |
| 506 | _aPublic domain in the USA. | ||
| 516 | _aElectronic text | ||
| 653 | _aSweden -- Fiction | ||
| 700 | 1 |
_aFranzos, Marie, _d1870-1941 |
|
| 830 | 0 |
_aProject Gutenberg _v20211 |
|
| 856 | 4 | 0 | _uhttp://www.gutenberg.org/ebooks/20211 |
| 942 | _cEB | ||
| 999 |
_c249466 _d249466 |
||